Muscle Cars by Picture - Statistics

General Stats
  • This quiz has been taken 134 times
  • The average score is 14 of 48
Answer Stats
Picture Answer % Correct
Chevy Corvette
76%
Dodge Viper
64%
Shelby Cobra
56%
Ford Mustang
53%
Dodge Challenger
52%
Dodge Charger
49%
Pontiac GTO
49%
Plymouth Super Bird
48%
Chevy El Camino
46%
Chevy Bel Air
44%
Chevy Camaro
42%
Chrysler 300
42%
Pontiac Trans Am
42%
Chevy Nova
40%
Chevy Chevelle
39%
Plymouth Prowler
35%
Buick Grand National
33%
Dodge Ram SRT-10
33%
Dodge Super Bee
32%
Ford Thunderbird
31%
Plymouth Barracuda
31%
Mercury Cougar
30%
Pontiac GTO Judge
29%
Chevy Impala
28%
Dodge Charger Daytona
28%
Oldsmobile 442
28%
Plymouth GTX
26%
AMC AMX
25%
Chevy Malibu
25%
Oldsmobile Toronado
25%
Plymouth Roadrunner
24%
AMC Javelin
20%
Buick GSX
20%
Buick Riviera
20%
Plymouth Duster
20%
Ford Galaxie
19%
Oldsmobile Cutlass
17%
Dodge Dart
16%
Ford Torino
16%
Pontiac Grand Prix
15%
Shelby Daytona Coupe
14%
Dodge Demon
11%
Plymouth Fury
11%
Shelby Series 1
11%
Mercury Cyclone
10%
AMC Hornet
8%
Pontiac Catalina
7%
Equus Bass 770
6%
No matching quizzes found
Score Distribution
Percent of People with Each Score
Percentile by Number Answered
Your Score History
You have not taken this quiz